000 00318nam a22001337a 4500
003 SGT
020 _a9781032383613
082 _a741.6
_bPER
100 _aPEREZ VICTOR
245 _aTHE COLOR MANAGEMENT HANDBOOK FOR VISUAL EFFECTS ARTISTS
260 _aUK
_bROUTLEDGE PUB
_c2024
300 _a231
942 _2ddc
_cBK
999 _c34676
_d34676